000 03798cam a2200469 i 4500
001 17913028
003 OSt
005 20240530110538.0
008 131018t20152015paua b 001 0 eng
010 _a 2013041139
020 _a9781451191554
020 _a1451191553
020 _z9781451193831
020 _z1451193831
035 _a(DNLM)101618271
040 _aDNLM/DLC
_cDLC
_erda
_dDLC
042 _apcc
050 0 0 _aQP301
_b.M375 2015
060 1 0 _aQT 260
082 0 0 _223
_a612.044
_bM E
100 1 _aMcArdle, William D.,
_eauthor.
245 1 0 _aExercise physiology :
_bnutrition, energy, and human performance /
_cWilliam D. McArdle, Professor Emeritus, Department of Family, Nutrition and Exercise Science, Queens College of the City University of New York, Flushing, New York, Exercise Physiologist, Weight Watchers International, Frank I. Katch, Instructor and Board Member, Certificate Program in Fitness Instruction, UCLA Extension, Los Angeles, California, former Professor and Chair of Exercise Science, University of Massachusetts, Amherst, Massachusetts, Victor L. Katch, Professor of Movement Science, School of Kinesiology, Associate Professor, Pediatrics, School of Medicine, University of Michigan, Ann Arbor, Michigan.
250 _aEighth edition.
264 1 _aPhiladelphia :
_bWolters Kluwer Health/Lippincott Williams & Wilkins,
_c[2015]
264 4 _c©2015
300 _alix, 1028 pages :
_bcolor illustrations ;
_c29 cm
336 _atext
_2rdacontent
337 _aunmediated
_2rdamedia
338 _avolume
_2rdacarrier
504 _aIncludes bibliographical references and index.
520 _a"Setting the standard for more than 30 years, Exercise Physiology has helped more than 350,000 students build a solid foundation in the scientific principles underlying modern exercise physiology. This Eighth Edition is updated with the latest research in the field to give you easy-to-understand, up-to-date coverage of how nutrition, energy transfer, and exercise training affect human performance. Get quick access to the resources available to help you master each section of the text with "Ancillaries at a Glance." Maximize your study time with the book's vibrant, "magazine style" design that makes the content more engaging and accessible and key information easier to find. Reinforce your understanding with Chapter Objectives, Integrative Questions that pose open-ended questions for reflection on complex concepts, and FYI sections that offer "good to know" information. Gain an understanding of how researchers contribute to our knowledge of exercise physiology through engaging section-opening interviews with key figures in the field. Learn how theoretical concepts relate to practical skills through "In a Practical Sense" features. Access the most relevant current information in the field through figures and tables that clarify important concepts and information. Gain an understanding of the past, present, and future of the profession through coverage of important milestones and future directions in the field. Visit the free companion website for anywhere, anytime access to over 30 animations of key exercise physiology concepts, the book's complete list of references, and more"--
_cProvided by publisher.
650 0 _aExercise
_xPhysiological aspects.
650 1 2 _aExercise
_xphysiology.
650 2 2 _aNutritional Physiological Phenomena.
650 2 2 _aSports Medicine.
700 1 _aKatch, Frank I.,
_eauthor.
700 1 _aKatch, Victor L.,
_eauthor.
856 4 2 _3Publisher description
_uhttp://www.loc.gov/catdir/enhancements/fy1501/2013041139-d.html
906 _a7
_bcbc
_corignew
_d1
_eecip
_f20
_gy-gencatlg
942 _2ddc
_cBK
999 _c62202
_d62202